MARC

Tag First Indicator Second Indicator Subfields
LEADER 00000cas a2200000 a 4500
001 in00000012264
008 830316d19832025dcubr p 0 a0eng c
005 20260508150549.0
010 |a  83644035  
012 |a 2  |b 3  |l y 
016 7 |a 011139378  |2 Uk 
019 |a 977729536  |a 1069301097  |a 1178690037 
022 0 |a 0738-6826  |y 0095-2656  |2 1 
023 0 |a 0738-6826  |2 1 
029 1 |a AU@  |b 000002966152 
029 1 |a AU@  |b 000053474373 
029 1 |a NLGGC  |b 86328826X 
029 1 |a NZ1  |b 4080576 
029 1 |a ZWZ  |b 039701786 
035 |z (OCoLC)977729536  |z (OCoLC)1069301097  |z (OCoLC)1178690037 
035 |a (OCoLC)9316459 
040 |a CBT  |b eng  |c CBT  |d HUL  |d DLC  |d NSD  |d NST  |d DLC  |d NST  |d IUL  |d NST  |d DLC  |d NST  |d WAU  |d SYS  |d OCLCQ  |d NLGGC  |d TXA  |d CUV  |d OCLCQ  |d CLU  |d UKMGB  |d OCLCQ  |d OCLCF  |d OCLCO  |d OCLCA  |d OCLCO  |d ZAP  |d GILDS  |d OCLCO  |d OCLCQ  |d COD  |d OCLCQ  |d OCLCL  |d WAU  |d DLC  |d OCLCQ 
042 |a pcc  |a nsdp 
043 |a n-us--- 
050 0 0 |a TE1  |b .H57 
210 0 |a TR news 
222 0 |a TR news 
245 0 0 |a TR news. 
246 3 |a T.R. news 
246 3 |a TRNews 
246 1 |i Also known as:  |a TR news magazine 
264 1 |a Washington, D.C. :  |b Transportation Research Board, National Research Council,  |c 1983-2025. 
300 |a volumes :  |b illustrations ;  |c 28 cm 
310 |a Bimonthly 
336 |a text  |b txt  |2 rdacontent 
337 |a unmediated  |b n  |2 rdamedia 
338 |a volume  |b nc  |2 rdacarrier 
362 0 |a No. 104 (Jan./Feb. 1983)- 
362 1 |a Ceased with: Number 352 (January/March 2025). 
500 |a Some numbers also have a distinctive title. 
504 |a Includes bibliographical references. 
525 |a Nov./Dec. issue includes the Transportation Research Board annual report. 
588 1 |a Number 352 (January/March 2025). 
650 0 |a Transportation  |x Research  |v Periodicals. 
650 0 |a Transportation  |x Research  |z United States  |v Periodicals. 
650 7 |a Transportation  |x Research.  |2 fast  |0 (OCoLC)fst01155185 
651 7 |a United States.  |2 fast  |0 (OCoLC)fst01204155  |1 https://id.oclc.org/worldcat/entity/E39PBJtxgQXMWqmjMjjwXRHgrq 
655 7 |a Periodicals.  |2 fast  |0 (OCoLC)fst01411641 
655 7 |a Periodicals.  |2 lcgft 
710 2 |a National Research Council (U.S.).  |b Transportation Research Board. 
710 2 |a National Academies of Sciences, Engineering, and Medicine (U.S.).  |b Transportation Research Board. 
740 0 2 |a Transportation Research Board annual report. 
776 0 8 |i Continued online:  |t TR news  |x 3067-7165  |w (DLC) 2006263112  |w (OCoLC)60648900 
780 0 0 |t Transportation research news  |x 0095-2656  |w (DLC) 74646752  |w (OCoLC)1795432 
850 |a AAP  |a AU  |a AzU  |a CSt  |a CU-A  |a CaAEU  |a CaNBFU  |a CaOLU  |a CaOTDT  |a CaOTU  |a CaOWA  |a CaSSU  |a CoFS  |a CoU  |a DGW  |a DLC  |a DeU  |a FU  |a GASU  |a ICarbS  |a IaAS  |a InLP  |a InU  |a KyU  |a LNT  |a LU  |a MCM  |a MH-BA  |a MH-SD  |a MMeT  |a MdU  |a MiD  |a MiDW  |a MiEM  |a MiU  |a MnU  |a MoKL  |a MoU  |a MsU  |a MtBC  |a NNE  |a NcD  |a NcRS  |a NcU  |a NhU  |a NjP  |a NjR  |a NmU  |a OU  |a OrCS  |a OrU  |a PBL  |a PPD  |a PPi  |a PPiU  |a PU  |a RPB-S  |a TU  |a TxArU  |a TxCM  |a TxDaM  |a TxHR  |a UU  |a ViBlbV  |a ViU  |a WaU  |a WvU  |a WyU 
891 3 3 |9 853  |8 1  |a no.  |i (year)  |j (month/month)  |w b 
891 4 0 |9 863  |8 1  |a <104>-  |i <1983>-  |x provisional 
948 |h HELD BY TXA - 253 OTHER HOLDINGS 
994 |a Z0  |b TXA 
999 f f |s a5b07a63-a408-3dfe-bc42-42aea3711bde  |i 4f14120b-ae27-38d6-9414-eab0001a40eb  |t 0 
952 f f |a Texas A&M University  |b College Station  |c Sterling C. Evans Library  |d Evans: Library Stacks  |e TE1 .H57  |h Library of Congress classification  |i unmediated -- volume  |k no.183-187  |l 1996  |m A14823512772  |p serial  |s Evans stk  |t 0 
952 f f |a Texas A&M University  |b College Station  |c Sterling C. Evans Library  |d Evans: Library Stacks  |e TE1 .H57  |h Library of Congress classification  |i unmediated -- volume  |k no.278-280  |l 2012:Jan./Feb.-May/June  |m A14842446701  |p serial  |s Evans stk  |t 0 
952 f f |a Texas A&M University  |b College Station  |c Sterling C. Evans Library  |d Evans: Library Stacks  |e TE1 .H57  |h Library of Congress classification  |i unmediated -- volume  |k no.224-229  |l 2003:Jan./Feb.-Nov./Dec.  |m A14832177034  |p serial  |s Evans stk  |t 0 
952 f f |a Texas A&M University  |b College Station  |c Sterling C. Evans Library  |d Evans: Library Stacks  |e TE1 .H57  |h Library of Congress classification  |i unmediated -- volume  |k no.99-101,103  |l 1982:Mar./Apr.-July/Aug., Nov./Dec.  |m A14832216838  |p serial  |s Evans stk  |t 0 
952 f f |a Texas A&M University  |b College Station  |c Sterling C. Evans Library  |d Evans: Library Stacks  |e TE1 .H57  |h Library of Congress classification  |i unmediated -- volume  |k no.296-298  |l 2015:Jan./Feb.-June/Aug.  |m A14850083420  |p serial  |s Evans stk  |t 0 
952 f f |a Texas A&M University  |b College Station  |c Sterling C. Evans Library  |d Evans: Library Stacks  |e TE1 .H57  |h Library of Congress classification  |i unmediated -- volume  |k no.152-157  |l 1991  |m A14815667733  |p serial  |s Evans stk  |t 0 
952 f f |a Texas A&M University  |b College Station  |c Sterling C. Evans Library  |d Evans: Library Stacks  |e TE1 .H57  |h Library of Congress classification  |i unmediated -- volume  |k no.122-127  |l 1986  |m A14811419146  |p serial  |s Evans stk  |t 0 
952 f f |a Texas A&M University  |b College Station  |c Sterling C. Evans Library  |d Evans: Library Stacks  |e TE1 .H57  |h Library of Congress classification  |i unmediated -- volume  |k no.135-139  |l 1988-1989  |m A14812111000  |p serial  |s Evans stk  |t 0 
952 f f |a Texas A&M University  |b College Station  |c Sterling C. Evans Library  |d Evans: Library Stacks  |e TE1 .H57  |h Library of Congress classification  |i unmediated -- volume  |k no.284-286  |l 2013:Jan./Feb.-May/June  |m A14842446685  |p serial  |s Evans stk  |t 0 
952 f f |a Texas A&M University  |b College Station  |c Sterling C. Evans Library  |d Evans: Library Stacks  |e TE1 .H57  |h Library of Congress classification  |i unmediated -- volume  |k no.269-271  |l 2010:July/Aug.-Nov./Dec.  |m A14841497564  |p serial  |s Evans stk  |t 0 
952 f f |a Texas A&M University  |b College Station  |c Sterling C. Evans Library  |d Evans: Library Stacks  |e TE1 .H57  |h Library of Congress classification  |i unmediated -- volume  |k no.236-241  |l 2005:Jan./Feb.-Nov./Dec.  |m A14834642116  |p serial  |s Evans stk  |t 0 
952 f f |a Texas A&M University  |b College Station  |c Sterling C. Evans Library  |d Evans: Library Stacks  |e TE1 .H57  |h Library of Congress classification  |i unmediated -- volume  |k no.116-121  |l 1985  |m A14839286591  |p serial  |s Evans stk  |t 0 
952 f f |a Texas A&M University  |b College Station  |c Sterling C. Evans Library  |d Evans: Library Stacks  |e TE1 .H57  |h Library of Congress classification  |i unmediated -- volume  |k no.305-307  |l 2016:Sept./Oct.-2017:Jan./Feb.  |m A14850369316  |p serial  |s Evans stk  |t 0 
952 f f |a Texas A&M University  |b College Station  |c Sterling C. Evans Library  |d Evans: Library Stacks  |e TE1 .H57  |h Library of Congress classification  |i unmediated -- volume  |k no.110-115  |l 1984  |m A14839286583  |p serial  |s Evans stk  |t 0 
952 f f |a Texas A&M University  |b College Station  |c Sterling C. Evans Library  |d Evans: Library Stacks  |e TE1 .H57  |h Library of Congress classification  |i unmediated -- volume  |k no.323-325  |l 2019:Sept./Oct.-2020:Jan./Feb.  |m A14851475757  |p serial  |s Evans stk  |t 0 
952 f f |a Texas A&M University  |b College Station  |c Sterling C. Evans Library  |d Evans: Library Stacks  |e TE1 .H57  |h Library of Congress classification  |i unmediated -- volume  |k no.170-175  |l 1994  |m A14819187581  |p serial  |s Evans stk  |t 0 
952 f f |a Texas A&M University  |b College Station  |c Sterling C. Evans Library  |d Evans: Library Stacks  |e TE1 .H57  |h Library of Congress classification  |i unmediated -- volume  |k no.200-205  |l 1999  |m A14827254342  |p serial  |s Evans stk  |t 0 
952 f f |a Texas A&M University  |b College Station  |c Sterling C. Evans Library  |d Evans: Library Stacks  |e TE1 .H57  |h Library of Congress classification  |i unmediated -- volume  |k no.194-199  |l 1998  |m A14824957624  |p serial  |s Evans stk  |t 0 
952 f f |a Texas A&M University  |b College Station  |c Sterling C. Evans Library  |d Evans: Library Stacks  |e TE1 .H57  |h Library of Congress classification  |i unmediated -- volume  |k no.338-340  |l 2022:Mar./Apr.-July/Aug.  |m A14851810367  |p serial  |s Evans stk  |t 0 
952 f f |a Texas A&M University  |b College Station  |c Sterling C. Evans Library  |d Evans: Library Stacks  |e TE1 .H57  |h Library of Congress classification  |i unmediated -- volume  |k no.342  |l 2022:Nov.-Dec.  |m A14851841008  |p serial  |s Evans stk  |t 0 
952 f f |a Texas A&M University  |b College Station  |c Sterling C. Evans Library  |d Evans: At Bindery (Does not check out)  |e TE1 .H57  |h Library of Congress classification  |i unmediated -- volume  |k no.349-351  |l 2024:Apr./Jun.-Oct./Dec.  |m A14852415133  |p serial  |s Evans at bindery  |t 0 
952 f f |a Texas A&M University  |b College Station  |c Sterling C. Evans Library  |d Evans: Library Stacks  |e TE1 .H57  |h Library of Congress classification  |i unmediated -- volume  |k no.266-268  |l 2010:Jan./Feb.-May/June  |m A14841497687  |p serial  |s Evans stk  |t 0 
952 f f |a Texas A&M University  |b College Station  |c Sterling C. Evans Library  |d Evans: Library Stacks  |e TE1 .H57  |h Library of Congress classification  |i unmediated -- volume  |k no.242-247  |l 2006:Jan./Feb.-Nov./Dec.  |m A14836139907  |p serial  |s Evans stk  |t 0 
952 f f |a Texas A&M University  |b College Station  |c Sterling C. Evans Library  |d Evans: Library Stacks  |e TE1 .H57  |h Library of Congress classification  |i unmediated -- volume  |k no.158-163  |l 1992  |m A14818816292  |p serial  |s Evans stk  |t 0 
952 f f |p default  |a Texas A&M University  |b College Station  |c Sterling C. Evans Library  |s Evans mtxt  |d Evans: Microforms (3rd floor)  |t 0  |e fiche S 1169  |h Other scheme  |i unmediated -- volume 
952 f f |a Texas A&M University  |b College Station  |c Sterling C. Evans Library  |d Evans: Library Stacks  |e TE1 .H57  |h Library of Congress classification  |i unmediated -- volume  |k no.140-145  |l 1989  |m A14812865609  |p serial  |s Evans stk  |t 0 
952 f f |a Texas A&M University  |b College Station  |c Sterling C. Evans Library  |d Evans: Library Stacks  |e TE1 .H57  |h Library of Congress classification  |i unmediated -- volume  |k no.230-235  |l 2004:Jan./Feb.-Nov./Dec.  |m A14832864754  |p serial  |s Evans stk  |t 0 
952 f f |a Texas A&M University  |b College Station  |c Sterling C. Evans Library  |d Evans: Library Stacks  |e TE1 .H57  |h Library of Congress classification  |i unmediated -- volume  |k no.212-217  |l 2001  |m A14829245365  |p serial  |s Evans stk  |t 0 
952 f f |a Texas A&M University  |b College Station  |c Sterling C. Evans Library  |d Evans: Library Stacks  |e TE1 .H57  |h Library of Congress classification  |i unmediated -- volume  |k no.332-334  |l 2021:Mar./Apr.-July/Aug.  |m A14851801945  |p serial  |s Evans stk  |t 0 
952 f f |a Texas A&M University  |b College Station  |c Sterling C. Evans Library  |d Evans: Library Stacks  |e TE1 .H57  |h Library of Congress classification  |i unmediated -- volume  |k no.176-181  |l 1995  |m A14820280148  |p serial  |s Evans stk  |t 0 
952 f f |a Texas A&M University  |b College Station  |c Sterling C. Evans Library  |d Evans: Library Stacks  |e TE1 .H57  |h Library of Congress classification  |i unmediated -- volume  |k no.254-258  |l 2008:Jan./Feb.-Sept./Oct.  |m A14838468564  |p serial  |s Evans stk  |t 0 
952 f f |a Texas A&M University  |b College Station  |c Sterling C. Evans Library  |d Evans: Library Stacks  |e TE1 .H57  |h Library of Congress classification  |i unspecified -- unspecified  |k no.329-331  |l 2020:Sept./Oct.-2021:Jan./Feb.  |m A14851515198  |p serial  |s Evans stk  |t 0 
952 f f |a Texas A&M University  |b College Station  |c Sterling C. Evans Library  |d Evans: Library Stacks  |e TE1 .H57  |h Library of Congress classification  |i unmediated -- volume  |k no.263-265  |l 2009:July/Aug.-Nov./Dec.  |m A14841497645  |p serial  |s Evans stk  |t 0 
952 f f |a Texas A&M University  |b College Station  |c Sterling C. Evans Library  |d Evans: Library Stacks  |e TE1 .H57  |h Library of Congress classification  |i unmediated -- volume  |k no.302-304  |l 2016:Mar./Apr.-July/Aug.  |m A14850369308  |p serial  |s Evans stk  |t 0 
952 f f |a Texas A&M University  |b College Station  |c Sterling C. Evans Library  |d Evans: Library Stacks  |e TE1 .H57  |h Library of Congress classification  |i unmediated -- volume  |k no.287-289  |l 2013:July/Aug.-Nov./Dec.  |m A14843170805  |p serial  |s Evans stk  |t 0 
952 f f |a Texas A&M University  |b College Station  |c Sterling C. Evans Library  |d Evans: Library Stacks  |e TE1 .H57  |h Library of Congress classification  |i unmediated -- volume  |k no.343-345  |l 2023:Jan./Feb-May/Jun.  |m A14852069120  |p serial  |s Evans stk  |t 0 
952 f f |a Texas A&M University  |b College Station  |c Sterling C. Evans Library  |d Evans: Library Stacks  |e TE1 .H57  |h Library of Congress classification  |i unmediated -- volume  |k no.314-316  |l 2018:Mar./Apr.-July-Aug.  |m A14850402778  |p serial  |s Evans stk  |t 0 
952 f f |a Texas A&M University  |b College Station  |c Sterling C. Evans Library  |d Evans: Library Stacks  |e TE1 .H57  |h Library of Congress classification  |i unmediated -- volume  |k no.299-301  |l 2015:Sept./Oct.-2016:Jan./Feb.  |m A14850369290  |p serial  |s Evans stk  |t 0 
952 f f |a Texas A&M University  |b College Station  |c Sterling C. Evans Library  |d Evans: Library Stacks  |e TE1 .H57  |h Library of Congress classification  |i unmediated -- volume  |k no.317-319  |l 2018:Sept./Oct.-2019:Jan./Feb.  |m A14850938896  |p serial  |s Evans stk  |t 0 
952 f f |a Texas A&M University  |b College Station  |c Sterling C. Evans Library  |d Evans: Library Stacks  |e TE1 .H57  |h Library of Congress classification  |i unmediated -- volume  |k no.206-211  |l 2000  |m A14829245747  |p serial  |s Evans stk  |t 0 
952 f f |a Texas A&M University  |b College Station  |c Sterling C. Evans Library  |d Evans: Library Stacks  |e TE1 .H57  |h Library of Congress classification  |i unmediated -- volume  |k no.188-193  |l 1997  |m A14824957577  |p serial  |s Evans stk  |t 0 
952 f f |a Texas A&M University  |b College Station  |c Sterling C. Evans Library  |d Evans: Library Stacks  |e TE1 .H57  |h Library of Congress classification  |i unmediated -- volume  |k no.320-322  |l 2019:Mar./Apr.-July/Aug.  |m A14851466962  |p serial  |s Evans stk  |t 0 
952 f f |a Texas A&M University  |b College Station  |c Sterling C. Evans Library  |d Evans: Library Stacks  |e TE1 .H57  |h Library of Congress classification  |i unmediated -- volume  |k no.281-283  |l 2012:July/Aug.-Nov.-Dec.  |m A14842446693  |p serial  |s Evans stk  |t 0 
952 f f |a Texas A&M University  |b College Station  |c Sterling C. Evans Library  |d Evans: Library Stacks  |e TE1 .H57  |h Library of Congress classification  |i unmediated -- volume  |k no.293-295  |l 2014:July/Aug.-Nov./Dec.  |m A14843170839  |p serial  |s Evans stk  |t 0 
952 f f |a Texas A&M University  |b College Station  |c Sterling C. Evans Library  |d Evans: Library Stacks  |e TE1 .H57  |h Library of Congress classification  |i unmediated -- volume  |k no.326-328  |l 2020:Mar./Apr.-July/Aug.  |m A14851490384  |p serial  |s Evans stk  |t 0 
952 f f |a Texas A&M University  |b College Station  |c Sterling C. Evans Library  |d Evans: Library Stacks  |e TE1 .H57  |h Library of Congress classification  |i unmediated -- volume  |k no.275-277  |l 2011:July/Aug.-Nov./Dec.  |m A14841498081  |p serial  |s Evans stk  |t 0 
952 f f |a Texas A&M University  |b College Station  |c Sterling C. Evans Library  |d Evans: Library Stacks  |e TE1 .H57  |h Library of Congress classification  |i unmediated -- volume  |k no.311,313  |l 2017:Sept./Oct.,2018:Jan./Feb.  |m A14850402786  |p serial  |s Evans stk  |t 0 
952 f f |a Texas A&M University  |b College Station  |c Sterling C. Evans Library  |d Evans: Library Stacks  |e TE1 .H57  |h Library of Congress classification  |i unmediated -- volume  |k no.335-337  |l 2021:Sept./Oct.-2022:Jan./Feb.  |m A14851806100  |p serial  |s Evans stk  |t 0 
952 f f |a Texas A&M University  |b College Station  |c Sterling C. Evans Library  |d Evans: Library Stacks  |e TE1 .H57  |h Library of Congress classification  |i unmediated -- volume  |k no.272-274  |l 2011:Jan./Feb.-May/June  |m A14841497603  |p serial  |s Evans stk  |t 0 
952 f f |a Texas A&M University  |b College Station  |c Sterling C. Evans Library  |d Evans: Library Stacks  |e TE1 .H57  |h Library of Congress classification  |i unmediated -- volume  |k no.290-292  |l 2014:Jan./Feb.-May/June  |m A14843170813  |p serial  |s Evans stk  |t 0 
952 f f |a Texas A&M University  |b College Station  |c Sterling C. Evans Library  |d Evans: Library Stacks  |e TE1 .H57  |h Library of Congress classification  |i unmediated -- volume  |k no.248-253  |l 2007:Jan./Feb.-Nov./Dec.  |m A14834741766  |p serial  |s Evans stk  |t 0 
952 f f |a Texas A&M University  |b College Station  |c Sterling C. Evans Library  |d Evans: Library Stacks  |e TE1 .H57  |h Library of Congress classification  |i unmediated -- volume  |k no:218-223  |l 2002  |m A14830933620  |p serial  |s Evans stk  |t 0 
952 f f |a Texas A&M University  |b College Station  |c Sterling C. Evans Library  |d Evans: Library Stacks  |e TE1 .H57  |h Library of Congress classification  |i unmediated -- volume  |k no.346-347  |l 2023:July/Aug.-Sep./Dec.  |m A14852191163  |p serial  |s Evans stk  |t 0 
952 f f |a Texas A&M University  |b College Station  |c Sterling C. Evans Library  |d Evans: Library Stacks  |e TE1 .H57  |h Library of Congress classification  |i unmediated -- volume  |k no.128-134  |l 1987-1988  |m A14811419196  |p serial  |s Evans stk  |t 0 
952 f f |a Texas A&M University  |b College Station  |c Sterling C. Evans Library  |d Evans: Library Stacks  |e TE1 .H57  |h Library of Congress classification  |i unmediated -- volume  |k no.89-92,95-96  |l 1980:July/Aug.-1981:Jan./Feb.,July/Aug-Sept./Oct.  |m A14832216870  |p serial  |s Evans stk  |t 0 
952 f f |a Texas A&M University  |b College Station  |c Sterling C. Evans Library  |d Evans: Library Stacks  |e TE1 .H57  |h Library of Congress classification  |i unmediated -- volume  |k no.260-262  |l 2009:Jan./Feb.-May/June  |m A14838932199  |p serial  |s Evans stk  |t 0 
952 f f |a Texas A&M University  |b College Station  |c Sterling C. Evans Library  |d Evans: Library Stacks  |e TE1 .H57  |h Library of Congress classification  |i unmediated -- volume  |k no.146-151  |l 1990  |m A14813807272  |p serial  |s Evans stk  |t 0 
952 f f |a Texas A&M University  |b College Station  |c Sterling C. Evans Library  |d Evans: Library Stacks  |e TE1 .H57  |h Library of Congress classification  |i unmediated -- volume  |k no.164-169  |l 1993  |m A14818816242  |p serial  |s Evans stk  |t 0 
952 f f |a Texas A&M University  |b College Station  |c Sterling C. Evans Library  |d Evans: Library Stacks  |e TE1 .H57  |h Library of Congress classification  |i unmediated -- volume  |k no.308-310  |l 2017:Mar./Apr.-July/Aug.  |m A14850369324  |p serial  |s Evans stk  |t 0 
998 f f |a fiche S 1169  |t 0  |l Evans: Microforms (3rd floor) 
998 f f |a TE1 .H57  |s no.342-351 (2022:Nov./Dec.-2024:Apr./Dec.)  |t 0  |l Evans: Library Stacks